Personálne riadenie a rozvoj učiteľa na škole profesionalizácia pedagógov po novom
Pokračovanie príspevku z predchádzajúceho čísla, kde sú prezentované kroky, ktoré treba v personálnej oblasti urobiť po prijatí zákona o pedagogických zamestnancoch.
Salvato in:
| Autore principale: | |
|---|---|
| Natura: | Capitolo di libro |
| Lingua: | slovacco |
| Soggetti: | |
| Tags: |
Nessun Tag, puoi essere il primo ad aggiungerne!!
|
MARC
| LEADER | 00000naa$a2200000$$$4500 | ||
|---|---|---|---|
| 001 | 0097833 | ||
| 005 | 20231127101615.2 | ||
| 041 | 0 | |a slo | |
| 044 | |a SK | ||
| 245 | 1 | 0 | |a Personálne riadenie a rozvoj učiteľa na škole |b profesionalizácia pedagógov po novom |c Marián Valent |
| 520 | |a Pokračovanie príspevku z predchádzajúceho čísla, kde sú prezentované kroky, ktoré treba v personálnej oblasti urobiť po prijatí zákona o pedagogických zamestnancoch. | ||
| 610 | 2 | 0 | |a školstvo |
| 610 | 2 | 0 | |a učitelia |
| 610 | 2 | 0 | |a vzdelávanie |
| 610 | 2 | 0 | |a riadenie personálne |
| 100 | 1 | |a Valent, Marián | |